Clicker Heroes 1.0e10 - Statistiques

Statistiques générales
  • Ce quiz a été pris 5 fois
  • Le résultat moyen est 24 sur 49
Statistiques - réponses
Nombre Héros Coût Ajoutée % Correct
21 Athéna 9000q Patch 0.02
100%
17 Abaddon 320T Début
67%
9 Alexa 15000K Début
67%
19 Aménophis 24000T Début
67%
22 Aphrodite 350Q Patch 0.02
67%
10 Blanche 100M Début
67%
25 Boréas 2100S Patch 0.06
67%
8 Erwan 2500K Début
67%
16 Frigor Ifique 36000B Début
67%
14 Grégoire 450B Début
67%
5 Joëlle 20000 Début
67%
24 Kaiser 4200s Patch 0.06
67%
7 Léon 400K Début
67%
4 Martin 4000 Début
67%
18 Ma Zhu 2700T Début
67%
11 Mélissandre 800M Début
67%
15 Midas 4000B Début
67%
26 Nocturnus 10000U Patch 0.17
67%
3 Océane 1000 Début
67%
23 Shinatobe 14000Q Patch 0.02
67%
6 Shirô 100K Début
67%
33 Albâtre 1e145 Patch 0.17
33%
34 Astrae 1e160 Patch 0.17
33%
27 Atlas 10000$ Patch 0.17
33%
12 Azimut 6500M Début
33%
47 Cadu 1e25500 Patch 1.0e10
33%
32 Carmina 1e130 Patch 0.17
33%
30 Carottane 1e100 Patch 0.17
33%
46 Ceus 1e25500 Patch 1.0e10
33%
35 Chiron 1e175 Patch 0.24
33%
38 Gogue 1e220 Patch 0.24
33%
2 Jackie 250 Début
33%
31 Liliane 1e115 Patch 0.17
33%
44 Madzi 1e8000 Patch 1.0e3
33%
37 Max 1e205 Patch 0.24
33%
42 Moeru 1e2000 Patch 1.0e3
33%
36 Moloch 1e190 Patch 0.24
33%
29 Phyllis 1e85 Patch 0.17
33%
20 Ragnar 300q Patch 0.02
33%
13 Sakram Danlefour 50000M Début
33%
41 Skogur 1e1000 Patch 1.0e3
33%
1 Sylvus 50 Début
33%
28 Terran 1e70 Patch 0.17
33%
48 The Maw 1e45500 Patch 1.0e10
33%
40 Tsuchi 1e500 Patch 1.0e3
33%
39 Wepwa 1e235 Patch 0.24
33%
45 Xavira 1e14000 Patch 1.0e10
33%
49 Yachiyl 1e72000 Patch 1.0e10
33%
43 Zilar 1e4000 Patch 1.0e3
33%
Aucun quiz correspondant
Distribution des résultats
% des personnes avec chaque résultat
Percentile par nombre de réponses
Votre historique - résultats
Vous n’avez pas pris ce quiz